000 00675nam a2200229Ia 4500
003 OSt
005 20220923223641.0
006 a|||||r|||| 00| 0
007 ta
008 Pun
024 _a219,576
037 _cTextual
040 _aARTS
_cARTS
_bPun
041 _2Pun
_aPun
082 _aQ8441:21x:g, 153N7
100 _aਬੇਅੰਤ ਕੈਰ
245 0 _aਦਰFਨ ਦੇਹ ਦਇਆਪਤ ਦਾਤੇ
260 _aਲਾਸਏਗ਼ਲਸ
_b ਔਚ ਔਸ ਮੰਨਚੰਦਾ ਫਾਉ਼ਡੇFਨ
_c1997
300 _a280ਪੰ
_ccm.
942 _hQ8441:21x:g, 153N7
_cTEXL
_2CC
999 _c366639
_d366639